000 00715nam a22002057a 4500
003 OSt
005 20251106052543.0
008 251106b |||||||| |||| 00| 0 eng d
020 _a971-501-929-3
040 _aDWCL-Main lib
_cOC
082 _aCirc. 221.6 C414 2002
100 _aCeresko, A.
245 _aProphets and proverbs :
_bmore studies in old testament peotry and biblical religion
_cCeresko, Anthony R.
260 _aManila :
_bClaretians Publications,
_c c2002
300 _axii, 160 pages :
_c22 cm.
504 _aIncludes index
650 _2Bible, O.T.--introductions
650 _2Sociology, biblical
942 _2ddc
_cBK-CIRC
_hCirc. 221.6 C414 2002
_kCirc.
_n0
999 _c5571
_d5571